LDR 00925naa#a2200193#i#450# 001 EN\FGKOU VO SPBU MVD ROSSII\bibl\111036 005 20260428225634.2 011 ## _a2713-0622 100 ## _a20260428b2026####ek#y0engy0150####ca 102 ## _aRU 200 1# _aCrimes against the person: status and main trends _eJournal article 210 1# _aSt. Petersburg _cSAINT-PETERSBURG UNIVERSITY OF THE MINISTRY OF INTERNAL AFFAIRS OF THE RUSSIAN FEDERATION _d2026 215 ## _a16 с. 608 ## _aJournal article _2local 675 ## _aПредупреждение преступлений. Уголовная профилактика. Социальные меры предупреждения. Профилактика преступности несовершеннолетних. 343.85 _z 700 #1 _aDvorzhickaja _gMarina Andreevna 700 #1 _aPisarevskaia _gElena Anatolievna 700 #1 _aRahmanova _gEkaterina Nikolaevna 856 4# _avestnikspbmvd.ru _u